Alik Manush (Record no. 3119)

MARC details
000 -LEADER
fixed length control field 00549cam a2200217ua 4500
001 - CONTROL NUMBER
control field 3276
005 - DATE AND TIME OF LATEST TRANSACTION
control field 20260515113646.0
008 - FIXED-LENGTH DATA ELEMENTS--GENERAL INFORMATION
fixed length control field 111014n ii |||gr||||Z||||||asm
020 ## - INTERNATIONAL STANDARD BOOK NUMBER
International Standard Book Number 81-237-1981-7
040 ## - CATALOGING SOURCE
Transcribing agency MAIN
082 ## - DEWEY DECIMAL CLASSIFICATION NUMBER
Classification number 891.4513
100 ## - MAIN ENTRY--PERSONAL NAME
Personal name Chiraj, Seyed Mustafa,
245 11 - TITLE STATEMENT
Title Alik Manush
Statement of responsibility, etc. by Seyed Mustafa Chiraj
250 ## - EDITION STATEMENT
Edition statement 1st.
260 ## - PUBLICATION, DISTRIBUTION, ETC.
Place of publication, distribution, etc. New Delhi:
Name of publisher, distributor, etc. National Book trust,997.
300 ## - PHYSICAL DESCRIPTION
Extent 319p:
Dimensions 23cm.
653 ## - INDEX TERM--UNCONTROLLED
Uncontrolled term Assamese novel
653 ## - INDEX TERM--UNCONTROLLED
Uncontrolled term Alik Manush
700 ## - ADDED ENTRY--PERSONAL NAME
Personal name Thakuria, Harinath,
Relator term Translator.,
942 ## - ADDED ENTRY ELEMENTS (KOHA)
Koha item type Books
Holdings
Withdrawn status Lost status Damaged status Not for loan Home library Current library Shelving location Date acquired Total checkouts Full call number Barcode Date last seen Copy number Price effective from Koha item type
        Naharkatiya College Library Naharkatiya College Library General stacks 09/19/2020   891.4513 | CHI 10458 09/19/2020 1 09/19/2020 Books